Update dějepisu /
Věděla Jitka, že si pro ni Břetislav jede? Proč se pouštělo žilou? Měl Václav IV. po smrti klid? A uměl se Adolf Hitler zamilovat? Historie je plná příběhů, které se do učebnic nevešly – příliš lidských, příliš chaotických, příliš znepokojivých. V této knize je najdete. Pokračování úspěšné knihy Res...
Uloženo v:
| Hlavní autor: | |
|---|---|
| Médium: | E-kniha |
| Jazyk: | Czech |
| Vydáno: |
Praha :
E-knihy jedou,
2026
|
| Tagy: |
Žádné tagy |
| LEADER | 01528nam a22002297i 4500 | ||
|---|---|---|---|
| 001 | 301510 | ||
| 007 | ta | ||
| 008 | 260430s2026 xr ||||| |||| 00| 0 cze d | ||
| 020 | |a 9990004265363 | ||
| 044 | |a xr | ||
| 100 | 1 | |a Jiřincová, Barbora |4 aut | |
| 245 | 1 | 0 | |a Update dějepisu / |c Jiřincová, Barbora |
| 264 | 1 | |a Praha : |b E-knihy jedou, |c 2026 | |
| 300 | |a 1 online zdroj (260 stran) | ||
| 336 | |a text |b txt |2 rdacontent | ||
| 337 | |a bez média |b n |2 rdamedia | ||
| 338 | |a online zdroj |b cr |2 rdacarrier | ||
| 520 | 2 | |a Věděla Jitka, že si pro ni Břetislav jede? Proč se pouštělo žilou? Měl Václav IV. po smrti klid? A uměl se Adolf Hitler zamilovat? Historie je plná příběhů, které se do učebnic nevešly – příliš lidských, příliš chaotických, příliš znepokojivých. V této knize je najdete. Pokračování úspěšné knihy Restart dějepisu přináší další výběr mikropříběhů, které vás rozesmějí, zneklidní a rozšíří obzory. Děj v nich nevede přímo – jsou to křivolaké stezky lidí, kteří dějiny žili. Často bez povšimnutí. | |
| 910 | |a RBIT002 | ||
| 998 | |d 426536 |a https://core.palmknihy.cz/api/books/426536/cover?te7nox |b https://core.palmknihy.cz/api/books/426536/cover/400?te7nox |c https://core.palmknihy.cz/api/books/426536/cover/50?te7nox |e |g 260 |i 9990004265363 |j https://core.palmknihy.cz/api/books/426536/preview.epub |k https://core.palmknihy.cz/api/books/426536/preview.pdf |l |q 49 |r 1 |s https://www.palmknihy.cz/kniha/426536 |t ebook |y 2026 |z 1 | ||
| 999 | |d 301508 | ||